Regulácia v oblasti verejného sektora bakalárska práca

Gespeichert in:
Bibliographische Detailangaben
1. Verfasser: Hulejová, Martina
Körperschaft: Národohospodárska fakulta EU. Katedra financií
Weitere Verfasser: Brindzová, Zuzana
Format: Buch
Sprache:Slowakisch
Veröffentlicht: Bratislava 2016
Tags: Tag hinzufügen
Keine Tags, Fügen Sie das erste Tag hinzu!

MARC

LEADER 00000nbm a2200000 4500
001 0219673
005 20161221095328.0
041 0 |a slo 
044 |a SK 
245 1 0 |a Regulácia v oblasti verejného sektora  |b bakalárska práca  |c Martina Hulejová ; školiteľ: Zuzana Brindzová 
264 1 |a Bratislava  |c 2016 
300 |a 48 s. 
100 1 |a Hulejová, Martina 
700 1 |a Brindzová, Zuzana 
710 2 |a Národohospodárska fakulta EU. Katedra financií